000 00264nam a2200121Ia 4500
005 20251222144756.0
008 251222s9999||||xx |||||||||||||| ||spa||
082 _a810/P81/1995
100 _aPound, Ezra
245 0 _aPersonae
264 _bPedernal
942 _cLIB
999 _c19540
_d19540